[Event "Tata Steel-A 80th"]
[Site "Wijk aan Zee"]
[Date "2018.01.24"]
[Round "10"]
[White "Wei, Yi"]
[Black "Caruana, Fabiano"]
[Result "1/2-1/2"]
[WhiteElo "2743"]
[BlackElo "2811"]
[Annotator "Fernandez,D"]
[PlyCount "55"]
[EventDate "2018.01.13"]
[EventType "tourn"]
[EventRounds "13"]
[EventCountry "NED"]
[EventCategory "20"]
[SourceTitle "CBM 183"]
[Source "ChessBase"]
[SourceDate "2018.03.14"]
[SourceVersion "1"]
[SourceVersionDate "2018.03.14"]
[SourceQuality "1"]
[TimeControl "40/6000+30:20/3000+30:900+30"]

1. e4 {[%emt 0:00:00]} e5 {[%emt 0:00:05]} 2. Nf3 {[%emt 0:00:00]} Nc6 {
[%emt 0:00:04]} 3. Nc3 {[%emt 0:00:53]} Nf6 {[%emt 0:00:09]} 4. Bb5 {[%emt 0:
00:08]} Nd4 {[%emt 0:00:15] Black had no truly adventurous choices in any case,
except the slightly odd 4...Bd6. Quite solid are the well-known 4...d6 and 4...
Bb4.} 5. Bc4 {[%emt 0:01:07]} (5. Ba4 $5 {is the main line, trying to prevent
Black from playing ...d5 under favourable conditions. Play could continue:} Bc5
$5 (5... Nxf3+ 6. Qxf3 Bc5 $11 {is stable equality, though White has also
tried the pawn recapture.}) 6. Nxe5 O-O 7. Nd3 Bb6 8. e5 Ne8 9. Nd5 {Now see,
for instance, Morozevich-Svidler, Thessaloniki 2013, or Kasparov-Dominguez,
Saint Louis 2017.}) 5... Bc5 {[%emt 0:00:11]} 6. d3 {[%emt 0:02:00]} (6. Nxe5
Qe7 $1 {is vaguely reminiscent of the Traxler Counter-Gambit and is in any
case more dangerous for White than Black.}) 6... d6 {[%emt 0:00:12]} 7. Na4 {
[%emt 0:02:00] Initiating large-scale exchanges in a tried and tested manner.}
(7. h3 {is most played, but seems a little slow, especially since Black can
just respond to Bg5/Nd5 ideas with a laconic ...c6.}) 7... b5 {[%emt 0:01:29]}
8. Nxd4 {[%emt 0:00:39]} bxc4 {[%emt 0:00:13]} 9. Nf5 {[%emt 0:00:52]} Bxf5 {
[%emt 0:00:39]} 10. exf5 {[%emt 0:00:18]} cxd3 {[%emt 0:00:37]} 11. Nxc5 {
[%emt 0:05:41]} dxc5 {[%emt 0:00:50]} 12. cxd3 {[%emt 0:04:21] So far
following a source game from 2 years ago. What seems likely is that central
pawn exchanges will follow and then a draw.} Qd7 {[%emt 0:08:38]} 13. Qf3 {
[%emt 0:02:45]} O-O {[%emt 0:02:25]} 14. O-O {[%emt 0:00:33]} (14. Bg5 e4 15.
dxe4 Nxe4 $11) 14... Rfd8 {[%emt 0:08:39]} 15. Be3 {[%emt 0:00:57]} Qxd3 {
[%emt 0:00:40]} 16. Rac1 {[%emt 0:00:28] To be honest with you, I doubt it
makes much difference which rook White plays with here.} (16. Rfc1 e4 17. Qg3
Qd5 18. Qxc7 Rac8 19. Qf4 $11 {Maze,S-Fressinet,L Agen 2016, was the source
game, maybe marginally more pleasant for Black but still ultimately agreed
drawn without much trouble.}) 16... c4 {[%emt 0:03:13]} 17. h3 {[%emt 0:09:03]}
h6 {[%emt 0:05:15]} (17... e4 $11 {kept equality more easily.}) 18. Rc3 {
[%emt 0:16:53]} Qe4 {[%emt 0:08:35]} (18... Qd5 $1 19. Qxd5 Nxd5 20. Rxc4 a5
$11 {keeps everything watertight.}) 19. Qxe4 {[%emt 0:01:38]} Nxe4 {[%emt 0:00:
05]} 20. Rxc4 {[%emt 0:00:11]} Nd2 {[%emt 0:03:21]} 21. Bxd2 {[%emt 0:00:08]}
Rxd2 {[%emt 0:00:05]} 22. Rb1 {[%emt 0:04:46]} ({Black has made a few very
minor inaccuracies, and now} 22. Rxc7 $5 Rxb2 23. Re1 $1 Rxa2 24. Rxe5 $14 {
might still make Black do a little bit of work in an unpleasant 4-v-3 rook
endgame.}) 22... Rad8 {[%emt 0:08:08]} 23. Rxc7 {[%emt 0:01:04]} Re2 $1 {
[%emt 0:00:29] The sacrificed pawns will return home.} 24. Rxa7 {[%emt 0:01:04]
} Rdd2 {[%emt 0:00:08]} 25. Rf1 {[%emt 0:00:16]} Rxb2 {[%emt 0:00:06]} 26. g4 {
[%emt 0:08:58]} Rxa2 {[%emt 0:00:58]} 27. Rxa2 {[%emt 0:00:05]} Rxa2 {[%emt 0:
00:03]} 28. Re1 {[%emt 0:00:06] The draw was agreed here, none too soon.}
1/2-1/2

[Event "China Chess Queen 1st"]
[Site "Taizhou"]
[Date "2015.11.24"]
[Round "1.1"]
[White "Ding, Yixin"]
[Black "Shen, Yang"]
[Result "1-0"]
[WhiteElo "2435"]
[BlackElo "2472"]
[Annotator "Fischer,J"]
[PlyCount "67"]
[EventDate "2015.11.24"]
[EventType "k.o."]
[EventRounds "3"]
[EventCountry "CHN"]
[SourceTitle "CBM 169 Extra"]
[Source "ChessBase"]
[SourceDate "2015.12.18"]
[SourceVersion "1"]
[SourceVersionDate "2015.12.18"]
[SourceQuality "1"]

1. e4 e5 2. Nf3 Nc6 3. Nc3 Nf6 4. Bb5 Bd6 5. d3 h6 6. a3 a6 7. Ba4 b5 8. Bb3
Bb7 9. Be3 O-O 10. Ne2 Re8 11. Ng3 Bf8 12. O-O d5 13. exd5 Nxd5 14. Nf5 Re6 15.
Nd2 Rf6 16. Ng3 Nd4 17. Ba2 c5 18. Nde4 Rg6 19. Qd2 Qh4 20. f4 $5 Nxe3 21. Qxe3
Nxc2 22. Qf2 Bxe4 $2 {Letting White off the hook. But things are not that easy.
After} (22... exf4 23. Qxc2 {Black has to find the computer move} c4 {which
gives her a strong attack. However, after the tempting} (23... fxg3 24. hxg3 {
it is suddenly White who is better.})) 23. Qxc2 Bc6 24. fxe5 Qd4+ 25. Kh1 Ra7 (
{Safer was} 25... Bd5 {blocking the attack on f7.}) 26. Rae1 Qd8 {Too careless.
} 27. e6 fxe6 28. Rxe6 Rxe6 29. Bxe6+ Kh8 30. d4 $1 {Freeing the way for the
white queen.} c4 31. Qg6 Bd7 32. Bd5 Be7 33. Nh5 Bf6 34. Nxf6 1-0

[Event "Pardubice"]
[Site "Pardubice"]
[Date "1994.??.??"]
[Round "3"]
[White "Kindermann, Stefan"]
[Black "Georgiev, Kiril"]
[Result "1/2-1/2"]
[WhiteElo "2560"]
[BlackElo "2615"]
[Annotator "Georgiev,Ki"]
[PlyCount "63"]
[EventDate "1994.07.??"]
[EventType "tourn"]
[EventRounds "9"]
[EventCountry "CZE"]
[EventCategory "15"]
[SourceTitle "CBM 042"]
[Source "ChessBase"]
[SourceDate "1994.10.01"]
[SourceVersion "1"]
[SourceVersionDate "1994.10.01"]
[SourceQuality "1"]

1. e4 e5 2. Nf3 Nc6 3. Nc3 Nf6 4. Bb5 Nd4 5. Ba4 Bc5 6. Nxe5 O-O 7. Nd3 Bb6 8.
e5 Ne8 9. Nd5 d6 10. Ne3 c6 11. c3 Ne6 12. exd6 (12. O-O d5 13. f4 d4 14. cxd4
Nxd4 $44) 12... Nxd6 (12... Qxd6 $5 13. Nb4 (13. Bc2 Bc7 14. g3 Nf6 $44) 13...
a5 14. Nc4 Bxf2+ 15. Kxf2 Qf4+ 16. Qf3 Qxc4 $10) (12... f5 $1) 13. O-O f5 14.
f4 Ne4 $6 (14... g5 $142 $44 15. Kh1 (15. Bb3 Ne4 $10 16. Ne5 $6 (16. Qe2 Kh8
17. Bxe6 Bxe6 18. b3 Qd6 19. Bb2 $13) 16... gxf4 17. Rxf4 $2 Bxe3+ 18. dxe3
Qxd1+ 19. Bxd1 Nxf4 20. exf4 Be6 $17) 15... Ne4) 15. Ne5 g5 16. d4 Nxf4 (16...
gxf4 17. N3c4 Bc7 18. Bxf4 b5 19. Nxc6 Qe8 $13) 17. Bb3+ Kg7 (17... Nd5 18. Bc2
(18. c4 Nxe3 19. Bxe3 Kg7 20. c5 Bc7 21. Bc2 $10) (18. Nxd5 cxd5 19. Qh5 f4 $10
) 18... Ndxc3 19. bxc3 Nxc3 20. Qh5 Bxd4 21. Bb3+ Kg7 $44) 18. N3c4 Ng6 19.
Nxb6 axb6 20. Bc2 (20. Nxg6 hxg6 21. Bc2 Re8 22. Re1 b5 23. Bxe4 Rxe4 24. Rxe4
fxe4 25. Be3 Bf5 26. Qd2 g4 $14) 20... Nxe5 21. dxe5 Qxd1 22. Rxd1 Be6 (22...
Ra5 $2 23. Be3 $14) 23. Bxe4 fxe4 24. Bxg5 Rxa2 25. Rxa2 Bxa2 26. Bf6+ (26. Rd6
Rf5 27. Be3 Bc4 28. h4 Rf1+ 29. Kh2 Re1 30. Bxb6 e3 $132) 26... Kg6 27. Kf2 (
27. Rd4 Kf5 28. Kf2 b5 29. Ke3 Bd5 $10) 27... h5 28. Rd7 (28. h3 Kf5 29. Ke3
Rg8 30. Rf1+ Ke6 $10) 28... Rf7 29. Rd8 Rh7 30. Ke3 Kf5 31. Rf8 $6 (31. h3 Bd5
32. g4+ hxg4 33. hxg4+ Kxg4 34. Rxd5 cxd5 35. e6 Rc7 $1 $17) (31. Rd4 Bb1 32.
h3 Bd3 33. g4+ hxg4 34. hxg4+ Kxg4 $15) (31. Rd2 Bd5 32. Rf2+ Ke6 (32... Kg6
33. Bd8 Rf7 34. Rxf7 Kxf7 35. Bxb6 Ke6 $16) 33. Rf4 $1 $16 {/\Rh4,g4}) 31...
Rd7 $1 32. Rd8 1/2-1/2

[Event "Politiken Cup 17th"]
[Site "Copenhagen"]
[Date "1995.??.??"]
[Round "5"]
[White "Wells, Peter K"]
[Black "Hansen, Lars Bo"]
[Result "0-1"]
[WhiteElo "2530"]
[BlackElo "2565"]
[Annotator "Hansen,LB"]
[PlyCount "50"]
[EventDate "1995.06.??"]
[EventType "swiss"]
[EventRounds "10"]
[EventCountry "DEN"]
[SourceTitle "CBM 047 Extra"]
[Source "ChessBase"]
[SourceDate "1995.09.01"]
[SourceVersion "1"]
[SourceVersionDate "1995.09.01"]
[SourceQuality "1"]

1. e4 e5 2. Nf3 Nc6 3. Nc3 Nf6 4. Bb5 Nd4 5. Ba4 Bc5 6. Nxe5 O-O 7. Nd3 Bb6 8.
e5 Ne8 9. Nd5 d6 10. Ne3 c5 $5 11. b4 $146 (11. c3 Nf5 12. exd6 $5 (12. Bc2
Nxe3 13. dxe3 c4 14. Nf4 dxe5 $10 15. Nd5 Nf6 16. Nxb6 Qxb6 17. e4 Bg4 18. f3
Be6 19. Qe2 Nd7 20. Qf2 {1/2-1/2/Shirov,A-Lautier,J/Linares/1995/}) 12... Qxd6
13. Bc2 Nf6 14. O-O Bc7 15. g3 Qc6 16. Nxf5 Bxf5 17. Nb4 Qd7 18. Bxf5 Qxf5 19.
Nc2 Rad8 20. d4 Rfe8 $44 {Yudasin,L-Nielsen,PH/Kemerovo/1995/}) 11... cxb4 12.
Bb2 Be6 $1 13. O-O dxe5 14. Nxe5 Nd6 $1 {/\ Ne4} 15. a3 $2 {>< Ba4} (15. Nf3
Ne4 16. d3 (16. Nxd4 Bxd4 17. Bxd4 Qxd4 $17) 16... Nc3 (16... Nxf3+ 17. Qxf3
Nd2 $2 18. Qg3) 17. Bxc3 bxc3 $17) (15. Bb3 $5 Nxb3 16. axb3 Qh4 $5 $15) 15...
a5 $1 16. Rb1 (16. axb4 axb4 $17 {>< Ba4}) 16... Ne4 $17 17. c3 Nf5 18. Nxf5
Bxf5 19. Qf3 Qf6 20. Nc4 Ng5 $1 21. Qg3 Bxb1 22. Nxb6 Qxb6 23. Qxg5 Qg6 $19 24.
Qxg6 Bxg6 25. Re1 Bd3 0-1

[Event "Novgorod"]
[Site "Novgorod"]
[Date "1994.??.??"]
[Round "4"]
[White "Shirov, Alexei"]
[Black "Short, Nigel D"]
[Result "1/2-1/2"]
[WhiteElo "2740"]
[BlackElo "2685"]
[Annotator "Hansen,LB"]
[PlyCount "102"]
[EventDate "1994.08.??"]
[EventType "tourn"]
[EventRounds "10"]
[EventCountry "RUS"]
[EventCategory "19"]
[SourceTitle "CBM 043"]
[Source "ChessBase"]
[SourceDate "1994.12.01"]
[SourceVersion "1"]
[SourceVersionDate "1994.12.01"]
[SourceQuality "1"]

1. e4 e5 2. Nf3 Nc6 3. Nc3 Nf6 4. Bb5 Nd4 5. Ba4 Bc5 (5... c6) 6. Nxe5 O-O 7.
Nd3 Bb6 8. e5 Ne8 9. Nd5 d6 10. Ne3 dxe5 $1 11. Nxe5 Qg5 12. N5c4 (12. Nf3 $2
Nxf3+ 13. Qxf3 Bxe3 $1 14. Bxe8 (14. dxe3 $4 Qa5+ $19) (14. fxe3 $4 Qh4+ $19) (
14. Qxe3 Qxg2 $19) 14... Bxf2+ $17) (12. Nd7 $6 Bxd7 13. Bxd7 f5 14. c3 f4 15.
cxd4 fxe3 16. dxe3 Qxg2 $36 {Franzoni,G-Godena,M/Manila ol/1992/}) (12. Nd3 $6
Bf5 $1 13. O-O Bxd3 14. cxd3 Nd6 15. b4 Qg6 16. Bc2 c6 17. Bb2 Rad8 18. Rc1
Nxc2 19. Qxc2 Nc8 20. d4 Bxd4 21. Qxg6 hxg6 22. Bc3 Nb6 $17 {Sokolov,
I-Chandler,M/Brussels rapid/1992/}) 12... f5 13. f4 $1 Qxf4 14. c3 Ne6 (14...
Nc6 $5) 15. d4 Qh4+ (15... c6 16. g3 Qe4 $6 17. Rf1 Ng5 $2 18. Ne5 $1 f4 19.
Bc2 $18 {Bosch,J-Ciolac,G/Leukerbad op/1992/}) 16. g3 Qd8 $5 $146 (16... Qh3
17. Bb3 Kh8 18. Nxb6 axb6 19. Bd5 $1 Nd6 20. Bg2 Qh6 21. Nc4 Qf6 22. Nxd6 cxd6
23. O-O $16 {Nunn,J-Nikolic,P/Wijk op/1993/}) 17. O-O f4 18. gxf4 Nxf4 19. Ne5
$1 $14 {x Bb6} Nd6 (19... Nh3+ 20. Kg2 $14 Qg5+ $2 21. N3g4 $18) (19... Bh3 $2
20. Bb3+ Kh8 21. Rxf4 $1 Rxf4 (21... Qg5+ 22. N3g4 Rxf4 23. Nf7+ Rxf7 24. Bxg5
Rf1+ 25. Qxf1 Bxf1 26. Rxf1 $18) 22. Qh5 $1 Rf6 (22... Qh4 $2 23. Ng6#) (22...
Qf6 23. Nf7+ $18) 23. Qxh3 $18) 20. Bb3+ Kh8 21. N3g4 Nh3+ 22. Kg2 $1 Rxf1 23.
Qxf1 Bxg4 $8 {X <->8} 24. Nxg4 Qh4 25. Qf3 Ng5 26. Qg3 Qh5 $1 (26... Qxg3+ 27.
hxg3 $16 {x Bb6; ^^}) 27. Bxg5 $8 Qxg5 28. Ne5 Qxg3+ (28... Qd2+ $2 29. Kh1 $16
Qxb2 $2 30. Ng6+ $1 hxg6 31. Qh4#) 29. hxg3 g6 (29... Rf8 $4 30. Ng6+ $1 hxg6
31. Rh1#) 30. a4 a5 31. Nc4 Nxc4 32. Bxc4 Re8 33. Rf1 Re7 34. Rf8+ Kg7 35. Rb8
c6 36. d5 $5 (36. Ba6 $5 Bxd4 $1 37. Rxb7 Rxb7 38. Bxb7 Bc5 39. Bxc6 h5 $10)
36... cxd5 37. Bxd5 Re2+ 38. Kh3 Rxb2 39. Rxb7+ Kf6 (39... Kh6 $2 40. Kg4 $1
$16 {x Kh6}) 40. Rxh7 $14 Bf2 $1 41. Kg4 Ke5 42. Bf3 Rb3 43. Rc7 Ra3 44. Rc4
Kf6 45. Rc6+ Ke5 46. Bd1 Be1 $1 47. Rxg6 Rxc3 48. Kh3 Ra3 49. Rg4 Rd3 50. Be2
Re3 51. Bb5 Kf6 $10 1/2-1/2

[Event "Aruba m"]
[Site "Aruba"]
[Date "1995.??.??"]
[Round "8"]
[White "Shirov, Alexei"]
[Black "Piket, Jeroen"]
[Result "1/2-1/2"]
[WhiteElo "2710"]
[BlackElo "2670"]
[Annotator "Hecht,H"]
[PlyCount "90"]
[EventDate "1995.02.??"]
[EventType "match"]
[EventRounds "8"]
[EventCountry "NAU"]
[SourceTitle "CBM 046"]
[Source "ChessBase"]
[SourceDate "1995.06.01"]
[SourceVersion "1"]
[SourceVersionDate "1995.06.01"]
[SourceQuality "1"]

1. e4 e5 2. Nf3 Nc6 3. Nc3 Nf6 4. Bb5 Nd4 5. Ba4 c6 6. O-O Qa5 7. Re1 d6 8. h3
Be7 9. a3 O-O 10. b4 Qc7 11. Bb2 a5 12. Nxd4 exd4 13. Ne2 axb4 14. axb4 b5 15.
Bb3 Rxa1 16. Bxa1 c5 17. d3 Be6 18. c3 dxc3 19. Nxc3 Rb8 20. bxc5 dxc5 21. e5
Nd7 22. Nd5 Qd8 23. Nf4 Nf8 24. Nxe6 Nxe6 25. Qg4 Qb6 26. Re3 c4 27. dxc4 bxc4
28. Bxc4 Qb1+ 29. Kh2 h5 30. Qxh5 Qxa1 31. Bxe6 fxe6 32. Qg6 Rb6 33. Qe8+ Bf8
34. Rf3 Qxe5+ 35. g3 Qd6 36. Qf7+ Kh7 37. Qxf8 Qxf8 38. Rxf8 $10 {Der sK
sichert die vereinzelten sP genügend ab.} g5 39. g4 Kg6 40. h4 gxh4 41. Kh3 e5
42. Kxh4 e4 {Die beiden weissen Bauern bleiben getrennt.} 43. Re8 (43. Kg3 Rb3+
44. Kg2 Kg5 45. Rg8+ Kf4 $10) 43... Rf6 44. Kg3 Rf3+ 45. Kg2 Rf4 1/2-1/2

[Event "Linares zt"]
[Site "Linares"]
[Date "1995.??.??"]
[Round "11"]
[White "Nijboer, Friso"]
[Black "Fernandez Garcia, Jose Luis"]
[Result "0-1"]
[WhiteElo "2485"]
[BlackElo "2445"]
[Annotator "Hecht,H"]
[PlyCount "64"]
[EventDate "1995.11.??"]
[EventType "swiss"]
[EventRounds "11"]
[EventCountry "ESP"]
[SourceTitle "CBM 051"]
[Source "ChessBase"]
[SourceDate "1996.04.01"]
[SourceVersion "1"]
[SourceVersionDate "1996.04.01"]
[SourceQuality "1"]

1. e4 e5 2. Nf3 Nc6 3. Nc3 Nf6 4. Bb5 Nd4 5. Ba4 c6 6. Nxe5 d6 7. Nf3 Bg4 8. d3
d5 9. exd5 Nxd5 10. Nxd4 Bxd1 11. Nxc6 Nxc3 12. Nxd8+ Nxa4 13. Nxf7 Kxf7 14.
Kxd1 Rd8 15. Re1 Bc5 16. Re4 Rd4 17. f3 Rxe4 18. fxe4 Ke6 19. c3 Rf8 20. d4 Rf2
21. dxc5 {TL-TS: unterentwickelte weiße Stellung, zahlreiche weiße B-Schwächen,
aktiver SK, wendiger S, Mattangriff, Taktik} Rxg2 22. h3 (22. Bd2 Nxb2+ 23. Kc1
(23. Kc2 Nc4 24. Rd1 Rxh2 25. Kc1 Rxd2 $19)) 22... Ke5 23. Ke1 Kxe4 24. Kf1 Kf3
25. Be3 Nxb2 26. c6 (26. Rb1 Nc4 27. Bc1 Rh2 28. Kg1 Rxa2 $19) 26... bxc6 27.
Bxa7 Nc4 28. a4 c5 $1 29. Bxc5 Nd2+ 30. Ke1 Nb3 31. Ra3 Nxc5 32. c4+ Ke4 0-1